| 000 | 00700nam a22002177a 4500 | ||
|---|---|---|---|
| 999 |
_c18961 _d18961 |
||
| 003 | AR-CdUCM | ||
| 008 | 190516b ||||| |||| 00| 0 spa d | ||
| 040 |
_aMUNICIPALIDAD PROVINCIAL DEL CUSCO _cBIBLIOTECA MUNICIPAL DEL CUSCO |
||
| 082 |
_a800.951 / _bF66 |
||
| 100 |
_aFlorian, Mario _914609 |
||
| 245 | _aPoesías para niños / | ||
| 260 |
_aLima : _bMinisterio de educación publica, _c1961. |
||
| 300 |
_a60 páginas ; _c25 cm. |
||
| 440 |
_aBiblioteca básica peruana _937905 |
||
| 505 | _aContenido : La poesía y el niño -- Poesía didáctica ... | ||
| 650 |
_aLiteratura _983 |
||
| 650 |
_aPoesía _9139 |
||
| 650 |
_aPeruana _925277 |
||
| 942 |
_2ddc _cLIBROS |
||
| 945 |
_arah _d2019/05/16 |
||